00317nam a2200121Ia 4500008004100000041000800041082001700049100002000066245004500086260003900131300001300170365001200183240624s9999 xx 000 0 und d aeng a346.7307 DUR aDURKIN THOMAS A aTRUTH IN LENDING THEORY HISTORY AND A WA c2011aUSAbOxford University Press a368 : p. cGBPb29